| 000 | 00494nam a22001697a 4500 | ||
|---|---|---|---|
| 999 |
_c523801 _d523801 |
||
| 003 | NUST | ||
| 038 | _awaseem | ||
| 082 |
_a301.954 _bALI |
||
| 100 |
_aAli, Mubharak _914444 |
||
| 245 |
_aBarasagheer main Musliman Masharan ka Almia / _cMubharak Ali |
||
| 260 |
_aLahore : _bNigarshaat, _c1987. |
||
| 300 | _a108 p. ; | ||
| 500 | _aPaperback. | ||
| 880 |
_6100-02\r _aمبارک علی |
||
| 880 |
_6245-02\r _aبرصغیر میں مسلمان معاشرہ کا المیہ / |
||
| 942 |
_2ddc _cBK |
||